00505nam a22001937a 4500003000400000005001700004008004100021020002200062040000900084082002000093100001600113245002500129250001300154260002900167300001000196630002600206650003500232650004400267OSt20260502114656.0260502b |||||||| |||| 00| 0 eng d a978-93-5282-154-9 cSBCL a894.8123bMEE-Y aMeera, K.R. aYudasinte Suvisesham a14th ed. aKottayambDC Booksc2025 a118p. xLiterature & rhetoric aLiteratures of other languages aAltaic, Uralic, Hyperborean & Dravidian